000 00295nam a22001337a 4500
008 170928b xxu||||| |||| 00| 0 eng d
020 _a9780312668310
041 _aeng
080 _a37
100 _a47
101 _aEDU
245 _aHOW TO WRITE ANYTHING
_cRUSZKIEWICZ,J,J
942 _2udc
_cBK
999 _c30333
_d30333